| 000 | 01192nam a2200145Ia 4500 | ||
|---|---|---|---|
| 008 | 220216s9999 xx 000 0 und d | ||
| 100 | _aAchi Koman A | ||
| 245 | 0 | _aStudy of the effect of ammoniacal latex ageing on molecular weights : research of correlation between polyisoprene particle size and molecular weight | |
| 260 |
_bCIRAD _c1994 |
||
| 300 | _aJan-46 | ||
| 500 | _aSource Year: 1996 | ||
| 520 | _aThis training had several objectives: compare the molecular weights of 5 clones; compare the molecular weights of several samples of the same latex obtained by various sorts of sampling (flim and phase transfer); monitor the development of changes in molecular weights of several ammoniated latex samples during aging; determine the average size and distribution of particle sizes of the different latex samples; study clonal differences in particle size; demonstrate a correlation between latex particle size and mean molecular weights of their sorrounding polyisoprene chains. The particle size of polyisoprene is determined using dynamic distribution of light and light diffraction after sorting the particles by filtration or dynamic creaming. | ||
| 856 | _uAEDR | ||
| 942 | _cJS | ||
| 999 |
_c69801 _d69801 |
||